[Event "PRO League Atlantic"]
[Site "chess.com INT"]
[Date "2017.01.25"]
[Round "3"]
[White "Noritsyn, Nikolay"]
[Black "Shen, Christopher"]
[Result "1-0"]
[WhiteElo "2468"]
[BlackElo "2165"]
[PlyCount "51"]
[EventDate "2017.01.11"]
[EventType "team"]
[EventRounds "7"]
[EventCountry "USA"]
[Source "Mark Crowther"]
[SourceDate "2017.01.30"]
[WhiteTeam "Toronto Dragons"]
[BlackTeam "Columbus Cardinals"]

1. d4 d6 2. e4 g6 3. Bc4 Bg7 4. Nf3 Nf6 5. Qe2 O-O 6. O-O d5 7. exd5 Nxd5 8.
Rd1 c6 9. h3 Nd7 10. Bb3 Re8 11. c4 N5f6 12. Nc3 h6 13. Ne5 Nf8 14. Bf4 g5 15.
Bh2 Bf5 16. Qf3 Bh7 17. Rd2 Ng6 18. Rad1 Nh4 19. Qe2 e6 20. d5 cxd5 21. cxd5
exd5 22. Nxd5 Rf8 23. Nxf7 Rxf7 24. Ne7+ Qxe7 25. Qxe7 Raf8 26. Rd8 1-0

[Event "PRO League Atlantic"]
[Site "chess.com INT"]
[Date "2017.01.25"]
[Round "3"]
[White "Wang, Jason"]
[Black "Noritsyn, Nikolay"]
[Result "0-1"]
[WhiteElo "2006"]
[BlackElo "2468"]
[PlyCount "144"]
[EventDate "2017.01.11"]
[EventType "team"]
[EventRounds "7"]
[EventCountry "USA"]
[Source "Mark Crowther"]
[SourceDate "2017.01.30"]
[WhiteTeam "Columbus Cardinals"]
[BlackTeam "Toronto Dragons"]

1. d4 e6 2. c4 Bb4+ 3. Nc3 f5 4. g3 Nf6 5. Bg2 O-O 6. Nf3 Qe7 7. O-O Bxc3 8.
bxc3 d6 9. e3 e5 10. Ba3 c5 11. Nxe5 dxe5 12. Bxc5 Qc7 13. Bxf8 Kxf8 14. Qb3
Nc6 15. Bxc6 bxc6 16. Rab1 Be6 17. Qb4+ Kg8 18. Rb2 a5 19. Qa4 Ne4 20. Qb3 Nd6
21. d5 a4 22. Qb4 cxd5 23. cxd5 Bf7 24. Rfb1 Rc8 25. Qb6 Qd7 26. Qa6 h6 27. Rb6
Ne4 28. Rb7 Qd8 29. Rxf7 Kxf7 30. Qe6+ Kf8 31. Rb7 Qe8 32. Rf7+ Qxf7 33. Qxc8+
Ke7 34. Qc7+ Kf6 35. Qc6+ Kg5 36. h4+ Kh5 37. Qc4 Nd6 38. Qe2+ Kg6 39. Qd3 Qc7
40. g4 Qc4 41. gxf5+ Kf6 42. Qd2 Ne4 43. Qb2 Qxd5 44. Qb6+ Kxf5 45. Qa7 Kg6 46.
Qe7 Nf6 47. Qc7 Qd1+ 48. Kg2 Qg4+ 49. Kf1 Qf5 50. c4 Ne4 51. f4 Qh3+ 52. Ke2
Qg2+ 53. Kd3 Nf2+ 54. Kc3 Nd1+ 55. Kb4 Nxe3 56. Qxe5 Qb7+ 57. Kc3 Ng4 58. Qe6+
Nf6 59. c5 a3 60. c6 Qb2+ 61. Kd3 Qb1+ 62. Kd4 Qd1+ 63. Kc5 Qc2+ 64. Kb6 Kh7
65. c7 Qb2+ 66. Qb3 Qd4+ 67. Kb7 Qe4+ 68. Kb8 Nd7+ 69. Kc8 Qf5 70. Kd8 Nc5 71.
Ke7 Nxb3 72. axb3 a2 0-1

[Event "PRO League Atlantic"]
[Site "chess.com INT"]
[Date "2017.02.01"]
[Round "4"]
[White "Noritsyn, Nikolay"]
[Black "Fishbein, Alexander"]
[Result "1-0"]
[WhiteElo "2468"]
[BlackElo "2481"]
[PlyCount "149"]
[EventDate "2017.01.11"]
[EventType "team"]
[EventRounds "7"]
[EventCountry "USA"]
[Source "Mark Crowther"]
[SourceDate "2017.02.06"]
[WhiteTeam "Toronto Dragons"]
[BlackTeam "New Jersey Knockouts"]

1. e4 c5 2. Nf3 d6 3. c3 Nf6 4. Bd3 Nc6 5. Bc2 Bg4 6. d3 g6 7. Nbd2 Bg7 8. h3
Bxf3 9. Nxf3 O-O 10. O-O Rc8 11. Re1 Qc7 12. a3 b5 13. Bd2 Nd7 14. Qe2 a6 15.
Rad1 Rb8 16. Bb1 e6 17. Be3 Nb6 18. Ba2 Na4 19. d4 c4 20. h4 d5 21. e5 Ne7 22.
h5 a5 23. Qc2 Qd7 24. Bg5 b4 25. axb4 axb4 26. Bxe7 Qxe7 27. Bb1 Ra8 28. Qd2
bxc3 29. bxc3 Rfb8 30. Bc2 Nb6 31. Ra1 Nd7 32. Ba4 Nb6 33. Bc2 Nd7 34. g3 Ra3
35. Kg2 Rba8 36. Rab1 Ra2 37. Rb7 R8a7 38. Reb1 Rxb7 39. Rxb7 Qd8 40. Qc1 Qc8
41. Rb1 Qa8 42. Bd1 Qa3 43. Qf4 Qxc3 44. h6 Bf8 45. Rb7 Qd3 46. Rxd7 Qf5 47.
Qxf5 gxf5 48. Ng5 Bxh6 49. Nxf7 Bd2 50. Nd6 Be1 51. Bh5 Bxf2 52. Kh3 Bxd4 53.
Bf7+ Kf8 54. Bxe6 Bxe5 55. Rf7+ Kg8 56. Rxf5+ Kg7 57. Rxe5 c3 58. Bxd5 Rd2 59.
Bg2 Rxd6 60. Rc5 Rd3 61. Be4 Re3 62. Bf5 h6 63. Kg4 Kf6 64. Kf4 Re1 65. Rc6+
Kg7 66. Rxc3 Rf1+ 67. Kg4 Ra1 68. Rc7+ Kf6 69. Rc6+ Ke5 70. Re6+ Kd5 71. Re8
Ra7 72. Kf4 Rg7 73. g4 Kd6 74. Re6+ Kd5 75. Rxh6 1-0

[Event "PRO League Atlantic"]
[Site "chess.com INT"]
[Date "2017.02.01"]
[Round "4"]
[White "Stripunsky, Alexander"]
[Black "Noritsyn, Nikolay"]
[Result "0-1"]
[WhiteElo "2536"]
[BlackElo "2468"]
[PlyCount "104"]
[EventDate "2017.01.11"]
[EventType "team"]
[EventRounds "7"]
[EventCountry "USA"]
[Source "Mark Crowther"]
[SourceDate "2017.02.06"]
[WhiteTeam "New Jersey Knockouts"]
[BlackTeam "Toronto Dragons"]

1. e4 c5 2. Nc3 Nc6 3. Bb5 Nd4 4. a4 a6 5. Bc4 d6 6. Nge2 Nf6 7. d3 Nc6 8. O-O
e6 9. Ng3 Be7 10. f4 d5 11. Ba2 dxe4 12. Ncxe4 O-O 13. c3 b5 14. Be3 Nd5 15.
Bd2 f5 16. Ng5 h6 17. Nf3 Rb8 18. axb5 axb5 19. Re1 Bd6 20. Bxd5 exd5 21. d4
Qc7 22. Qc1 Na5 23. Qc2 Nc4 24. Bc1 cxd4 25. cxd4 Bb4 26. Re2 Qb6 27. b3 Nd6
28. Bd2 Bxd2 29. Qxd2 b4 30. Re5 Ne4 31. Qe3 Be6 32. Nh4 Rbc8 33. Ne2 Rc2 34.
Re1 Rf6 35. h3 Qc7 36. Kh2 g6 37. Qd3 Bf7 38. Nf3 Rb6 39. Ra1 Rb8 40. Ra7 Qxa7
41. Qxc2 Qb7 42. Qd1 Rc8 43. Qe1 Rc2 44. Nfg1 Kf8 45. Qh4 Kg7 46. Re7 Qc6 47.
Nf3 Qf6 48. Neg1 g5 49. Rxf7+ Qxf7 50. fxg5 hxg5 51. Qe1 Qc7+ 52. Ne5 Qc3 0-1

[Event "PRO League Group Stage"]
[Site "chess.com INT"]
[Date "2017.02.11"]
[Round "5"]
[White "Ansell, Simon"]
[Black "Noritsyn, Nikolay"]
[Result "0-1"]
[WhiteElo "2349"]
[BlackElo "2468"]
[PlyCount "114"]
[EventDate "2017.01.11"]
[EventType "team"]
[EventRounds "7"]
[EventCountry "USA"]
[Source "Mark Crowther"]
[SourceDate "2017.02.13"]
[WhiteTeam "London Towers"]
[BlackTeam "Toronto Dragons"]

1. d4 Nf6 2. Bf4 g6 3. Nc3 d6 4. e4 c6 5. Qd2 b5 6. e5 Nh5 7. Be3 Nd7 8. g4 Ng7
9. Bg2 d5 10. h3 h5 11. Qe2 Nb6 12. a4 b4 13. Nd1 a5 14. f4 Nc4 15. b3 Nxe3 16.
Nxe3 Ne6 17. Qf2 hxg4 18. hxg4 Rxh1 19. Bxh1 Nxd4 20. Nxd5 cxd5 21. Qxd4 Bxg4
22. Qxd5 Qxd5 23. Bxd5 Rc8 24. Bc4 Bh6 25. Ne2 Kf8 26. Rd1 e6 27. Rd4 Bf5 28.
Kd1 g5 29. fxg5 Bxg5 30. Ng3 Bg6 31. Ne2 Rc5 32. Nf4 Bxf4 33. Rxf4 Rxe5 34. Kd2
Ke7 35. c3 Re4 36. Rf1 bxc3+ 37. Kxc3 Re3+ 38. Kd4 Rh3 39. Kc5 Bc2 40. b4 Rh5+
41. Kb6 axb4 42. a5 b3 43. a6 b2 44. a7 Rh8 45. Ba2 f5 46. Re1 Be4 47. Bb1 Bd5
48. Re2 Rh3 49. Rxb2 Ra3 50. Kc5 Kf6 51. Kb6 f4 52. Rh2 f3 53. Bc2 Ke5 54. Rh8
Kf4 55. Rf8+ Ke3 56. Kc5 f2 57. a8=Q Rxa8 0-1

[Event "PRO League Group Stage"]
[Site "chess.com INT"]
[Date "2017.02.11"]
[Round "5"]
[White "Jones, G."]
[Black "Noritsyn, Nikolay"]
[Result "1-0"]
[WhiteElo "2665"]
[BlackElo "2468"]
[PlyCount "103"]
[EventDate "2017.01.11"]
[EventType "team"]
[EventRounds "7"]
[EventCountry "USA"]
[Source "Mark Crowther"]
[SourceDate "2017.02.13"]
[WhiteTeam "London Towers"]
[BlackTeam "Toronto Dragons"]

1. e4 e5 2. Nf3 d6 3. d4 exd4 4. Nxd4 Nf6 5. Nc3 Be7 6. g3 Nc6 7. Bg2 Nxd4 8.
Qxd4 O-O 9. h3 c6 10. Be3 Be6 11. f4 d5 12. e5 Nd7 13. Qd3 f6 14. exf6 Bxf6 15.
O-O-O Qa5 16. a3 Nc5 17. Qd2 Bxc3 18. Qxc3 Qxc3 19. bxc3 Na4 20. Bd4 Rfe8 21.
Rhe1 Nb6 22. g4 Nc4 23. a4 b6 24. f5 Bd7 25. Bf2 g6 26. Rxd5 cxd5 27. Bxd5+ Kf8
28. Rf1 gxf5 29. Bxc4 Rac8 30. Bd3 Rxc3 31. gxf5 Rec8 32. Kd2 Bxa4 33. Bd4 R3c6
34. c3 Bb3 35. Rg1 Bc4 36. Be4 Rd6 37. Ke3 Re8 38. Kf4 Rxd4 39. cxd4 a5 40. Bc6
Re2 41. d5 b5 42. d6 Rd2 43. Ke5 a4 44. Bd7 Re2+ 45. Kf6 Rd2 46. Be6 Bxe6 47.
fxe6 Rxd6 48. Rc1 Rxe6+ 49. Kxe6 a3 50. Kd5 Kf7 51. Kc5 Kf6 52. Ra1 1-0

[Event "PRO League Group Stage"]
[Site "chess.com INT"]
[Date "2017.02.11"]
[Round "5"]
[White "Noritsyn, Nikolay"]
[Black "Arkell, Keith"]
[Result "1-0"]
[WhiteElo "2468"]
[BlackElo "2438"]
[PlyCount "57"]
[EventDate "2017.01.11"]
[EventType "team"]
[EventRounds "7"]
[EventCountry "USA"]
[Source "Mark Crowther"]
[SourceDate "2017.02.13"]
[WhiteTeam "Toronto Dragons"]
[BlackTeam "London Towers"]

1. d4 Nf6 2. Nf3 e6 3. c4 Bb4+ 4. Nbd2 O-O 5. a3 Be7 6. e3 b6 7. Bd3 Bb7 8. O-O
c5 9. b3 cxd4 10. exd4 d5 11. Bb2 Nbd7 12. Qe2 a6 13. Rad1 Re8 14. Ne5 Nxe5 15.
dxe5 Nd7 16. cxd5 Bxd5 17. Bxa6 Nc5 18. Bb5 Rf8 19. b4 Na4 20. Ba1 Qc7 21. Rc1
Qb7 22. f3 Rfc8 23. Ne4 Bc6 24. Nd6 Bxd6 25. exd6 Bxb5 26. Qxb5 Re8 27. Rfd1 f6
28. Rc7 Qa6 29. Qd7 1-0

[Event "PRO League Group Stage"]
[Site "chess.com INT"]
[Date "2017.02.11"]
[Round "5"]
[White "Noritsyn, Nikolay"]
[Black "Ghasi, Ameet"]
[Result "1-0"]
[WhiteElo "2468"]
[BlackElo "2455"]
[PlyCount "183"]
[EventDate "2017.01.11"]
[EventType "team"]
[EventRounds "7"]
[EventCountry "USA"]
[Source "Mark Crowther"]
[SourceDate "2017.02.13"]
[WhiteTeam "Toronto Dragons"]
[BlackTeam "London Towers"]

1. d4 Nf6 2. Nf3 g6 3. Bg5 Bg7 4. Nbd2 O-O 5. c3 d6 6. e4 c5 7. d5 h6 8. Bh4 e6
9. dxe6 Bxe6 10. Be2 Nc6 11. O-O Qc7 12. Re1 Nh5 13. Nc4 g5 14. Nfd2 Nf4 15.
Bg3 d5 16. exd5 Bxd5 17. Ne3 Rad8 18. Bf1 Be6 19. Qc2 Qd7 20. Rad1 Nd3 21. Bxd3
Qxd3 22. Qa4 Qg6 23. Nb3 f5 24. Bd6 Rfe8 25. Nxc5 Bc8 26. Bc7 Rxd1 27. Qxd1 Qf7
28. Qb3 Bf8 29. Nd3 Re6 30. Nc2 b6 31. Be5 Re8 32. Qxf7+ Kxf7 33. Nd4 Na5 34.
b3 Bb7 35. f4 Kg6 36. g3 Be4 37. Nf2 Ba8 38. Rd1 gxf4 39. Bxf4 Bc5 40. Nd3 Re2
41. Nxc5 Rg2+ 42. Kf1 bxc5 43. Ne6 Rxh2 44. Rd6 Kf7 45. Nxc5 Rxa2 46. Rd7+ Ke8
47. Rxa7 Bg2+ 48. Ke1 Ra1+ 49. Kf2 Ra2+ 50. Kg1 Bf3 51. b4 Rg2+ 52. Kf1 Nc4 53.
Rd7 Rc2 54. Rd4 Rxc3 55. Nd3 Be4 56. Nf2 Bc6 57. Ke1 Na3 58. Rd3 Nc2+ 59. Kd2
Rc4 60. Rc3 Rxc3 61. Kxc3 Na3 62. Bxh6 Kd7 63. Bf4 Nb5+ 64. Kc4 Na3+ 65. Kc5
Bg2 66. Nd1 Be4 67. Nc3 Bd3 68. b5 Nc4 69. b6 Na5 70. Nd5 Nb7+ 71. Kd4 Bb1 72.
Ke5 Kc6 73. Be3 Be4 74. Ne7+ Kd7 75. Nxf5 Bc2 76. g4 Nd8 77. g5 Ke8 78. Kf6 Nc6
79. Ng7+ Kd7 80. Ne6 Ne7 81. Nc5+ Kd6 82. Nb7+ Kd7 83. Bf2 Nd5+ 84. Kg7 Kc6 85.
Nd8+ Kd7 86. Nf7 Kc6 87. Ne5+ Kb7 88. Nc4 Bd3 89. Na5+ Kb8 90. Bg3+ Kc8 91. b7+
Kd7 92. b8=Q 1-0

[Event "PRO League Group Stage"]
[Site "chess.com INT"]
[Date "2017.02.15"]
[Round "6"]
[White "Leskovar, Matias"]
[Black "Noritsyn, Nikolay"]
[Result "0-1"]
[WhiteElo "2306"]
[BlackElo "2468"]
[PlyCount "69"]
[EventDate "2017.01.11"]
[EventType "team"]
[EventRounds "7"]
[EventCountry "USA"]
[Source "Mark Crowther"]
[SourceDate "2017.02.20"]
[WhiteTeam "Patagonia Penguins"]
[BlackTeam "Toronto Dragons"]

1. d4 e6 2. Nf3 f5 3. Bg5 Be7 4. h4 Nf6 5. Nbd2 d5 6. e3 Nbd7 7. Bd3 Ne4 8. Bf4
Bd6 9. Ne5 Bxe5 10. dxe5 Qe7 11. f3 Nec5 12. Nb3 Na4 13. Rb1 Ndc5 14. Bg5 Nxd3+
15. Qxd3 Qb4+ 16. c3 Qb6 17. Qd4 Bd7 18. Qxb6 axb6 19. a3 Kf7 20. h5 h6 21. Bh4
Bb5 22. Kd2 Bc4 23. Nd4 c5 24. Nc2 Bb3 25. g4 fxg4 26. fxg4 Raf8 27. Na1 c4 28.
Nxb3 cxb3 29. Rbf1+ Ke8 30. Rf4 Nxb2 31. Rb4 Nc4+ 32. Kd3 b2 33. Rb1 Rf3 34.
R1xb2 Rxe3+ 35. Kd4 0-1

[Event "PRO League Group Stage"]
[Site "chess.com INT"]
[Date "2017.02.15"]
[Round "6"]
[White "Noritsyn, Nikolay"]
[Black "Garcia Cardenas, Pablo"]
[Result "1-0"]
[WhiteElo "2468"]
[BlackElo "2424"]
[PlyCount "51"]
[EventDate "2017.01.11"]
[EventType "team"]
[EventRounds "7"]
[EventCountry "USA"]
[Source "Mark Crowther"]
[SourceDate "2017.02.20"]
[WhiteTeam "Toronto Dragons"]
[BlackTeam "Patagonia Penguins"]

1. e4 c5 2. Nf3 e6 3. c3 Nf6 4. d3 Nc6 5. Be2 Qc7 6. Bg5 Be7 7. Nbd2 h6 8. Bh4
d5 9. Bg3 Bd6 10. O-O Bxg3 11. hxg3 O-O 12. Re1 b6 13. Bf1 dxe4 14. dxe4 Nd7
15. Nc4 Rd8 16. Qd6 Qxd6 17. Nxd6 Nde5 18. Nxe5 Nxe5 19. Rad1 Kf8 20. f4 Nc6
21. Bb5 Ne7 22. e5 Rb8 23. a4 Bd7 24. Nxf7 Kxf7 25. Bxd7 h5 26. Rd6 1-0

[Event "PRO League Group Stage"]
[Site "chess.com INT"]
[Date "2017.02.15"]
[Round "6"]
[White "Noritsyn, Nikolay"]
[Black "Hungaski, Roberto"]
[Result "1-0"]
[WhiteElo "2468"]
[BlackElo "2488"]
[PlyCount "101"]
[EventDate "2017.01.11"]
[EventType "team"]
[EventRounds "7"]
[EventCountry "USA"]
[Source "Mark Crowther"]
[SourceDate "2017.02.20"]
[WhiteTeam "Toronto Dragons"]
[BlackTeam "Patagonia Penguins"]

1. d4 f5 2. c4 Nf6 3. Nc3 d6 4. Bg5 Nbd7 5. e3 g6 6. Bd3 Bg7 7. Nge2 O-O 8. Qd2
e5 9. f3 b6 10. O-O Bb7 11. Bc2 h6 12. Bh4 a6 13. Rad1 Qe8 14. Bf2 Kh8 15. a3
Qe7 16. b4 Rad8 17. h3 c6 18. dxe5 Nxe5 19. Bb3 b5 20. cxb5 axb5 21. a4 bxa4
22. Nxa4 Ba6 23. Nb2 d5 24. Ra1 Bb5 25. Rfc1 Nc4 26. Bxc4 dxc4 27. Nd4 Nd5 28.
Nxc4 f4 29. exf4 Nxf4 30. Ra2 Qg5 31. Be3 Nxh3+ 32. Kh2 Nf4 33. g3 Qh5+ 34. Kg1
Nd5 35. Bf2 Ne7 36. Ra7 Nf5 37. Rxg7 Nxg7 38. Qb2 Kh7 39. Ne3 Rxd4 40. Qxd4
Qxf3 41. Ng4 Nf5 42. Qd7+ Kg8 43. Qe6+ Kg7 44. Qd7+ Kh8 45. Ne5 Qh5 46. Qe6 Qg5
47. Rc3 Nd4 48. Nxg6+ Kh7 49. Nxf8+ Kg7 50. Bxd4+ Kxf8 51. Rf3+ 1-0

[Event "PRO League Group Stage"]
[Site "chess.com INT"]
[Date "2017.02.15"]
[Round "6"]
[White "Peralta, Fernando"]
[Black "Noritsyn, Nikolay"]
[Result "0-1"]
[WhiteElo "2574"]
[BlackElo "2468"]
[PlyCount "74"]
[EventDate "2017.01.11"]
[EventType "team"]
[EventRounds "7"]
[EventCountry "USA"]
[Source "Mark Crowther"]
[SourceDate "2017.02.20"]
[WhiteTeam "Patagonia Penguins"]
[BlackTeam "Toronto Dragons"]

1. d4 e6 2. c4 Bb4+ 3. Bd2 a5 4. Nc3 f5 5. e3 Nf6 6. Bd3 O-O 7. Nge2 d6 8. Qc2
Nc6 9. a3 Bxc3 10. Bxc3 Qe7 11. O-O a4 12. Rae1 Bd7 13. f3 g6 14. e4 fxe4 15.
fxe4 e5 16. d5 Na5 17. Bd2 Nb3 18. Bh6 Rf7 19. h3 Kh8 20. Qd1 Ng8 21. Rxf7 Qxf7
22. Rf1 Qe7 23. Be3 b6 24. Bc2 Kg7 25. Bxb3 axb3 26. Nc3 Qh4 27. Qf3 Qe7 28.
Bg5 Qxg5 29. Qf7+ Kh6 30. Qxd7 Nf6 31. Qxc7 Nh5 32. Rf2 Nf4 33. Kh2 Rf8 34.
Qxd6 Rf6 35. Qd8 Nxd5 36. Rxf6 Nxf6 37. Nd5 Ng4+ 0-1

[Event "PRO League Group Stage"]
[Site "chess.com INT"]
[Date "2017.02.22"]
[Round "7"]
[White "Mareco, Sandro"]
[Black "Noritsyn, Nikolay"]
[Result "0-1"]
[WhiteElo "2645"]
[BlackElo "2468"]
[PlyCount "162"]
[EventDate "2017.01.11"]
[EventType "team"]
[EventRounds "7"]
[EventCountry "USA"]
[Source "Mark Crowther"]
[SourceDate "2017.02.27"]
[WhiteTeam "Buenos Aires Krakens"]
[BlackTeam "Toronto Dragons"]

1. Nf3 d5 2. c4 e6 3. g3 c6 4. Bg2 b5 5. cxb5 cxb5 6. O-O Nf6 7. d3 Be7 8. e4
O-O 9. e5 Nfd7 10. d4 a5 11. Re1 Ba6 12. h4 Nc6 13. Nc3 b4 14. Ne2 Rc8 15. Nf4
Re8 16. Be3 Nb6 17. b3 Na7 18. Ng5 Nb5 19. Nxf7 Kxf7 20. Nxe6 Qd7 21. Qh5+ Kg8
22. Nxg7 Kxg7 23. Kh2 Qe6 24. Bh3 Qg6 25. Qxg6+ hxg6 26. Bxc8 Bxc8 27. f3 Be6
28. Bf2 Rf8 29. Kg2 Nc8 30. g4 Nca7 31. Rac1 Nc3 32. Rc2 Nc6 33. Kg3 Rh8 34.
Rh1 Bd8 35. Rd2 g5 36. h5 Rf8 37. Be3 Kh6 38. Kg2 Be7 39. Rf1 Bd7 40. Kh3 Kh7
41. f4 Ne4 42. Rc2 gxf4 43. Rxf4 Rxf4 44. Bxf4 Nc3 45. Be3 Nd8 46. Rf2 Kg7 47.
h6+ Kg6 48. Rf1 Nf7 49. h7 Nh8 50. Kg3 Kxh7 51. Rh1+ Kg7 52. Bh6+ Kg8 53. Kf3
Nf7 54. Be3 Be6 55. Rh5 Kg7 56. Rh1 Kg6 57. Rh2 Kg7 58. Rh1 a4 59. bxa4 Nxa4
60. Bd2 Ng5+ 61. Bxg5 Bxg5 62. Rb1 Be7 63. Rb3 Kg6 64. Kf4 Bf8 65. Rh3 Nb6 66.
Rh1 Nc4 67. Kg3 Kg7 68. g5 Be7 69. Rh6 Bf7 70. Kf4 Bg6 71. e6 Bd6+ 72. Kf3 Nd2+
73. Kg4 b3 74. axb3 Nxb3 75. Rh1 Nxd4 76. Rd1 Nf5 77. Kh3 d4 78. Rd2 Bf4 79.
Ra2 Bxg5 80. Kg4 Be7 81. Kf4 Kf6 0-1

[Event "PRO League Group Stage"]
[Site "chess.com INT"]
[Date "2017.02.22"]
[Round "7"]
[White "Noritsyn, Nikolay"]
[Black "Della Morte, German"]
[Result "0-1"]
[WhiteElo "2468"]
[BlackElo "2375"]
[PlyCount "92"]
[EventDate "2017.01.11"]
[EventType "team"]
[EventRounds "7"]
[EventCountry "USA"]
[Source "Mark Crowther"]
[SourceDate "2017.02.27"]
[WhiteTeam "Toronto Dragons"]
[BlackTeam "Buenos Aires Krakens"]

1. e4 e5 2. Nf3 Nc6 3. Bb5 a6 4. Ba4 Nf6 5. d3 d6 6. c3 g6 7. O-O Bg7 8. c4 O-O
9. Nc3 Nd7 10. Nd5 Nc5 11. Bg5 f6 12. Be3 Nxa4 13. Qxa4 f5 14. exf5 gxf5 15.
Qb3 Kh8 16. Kh1 b6 17. Ng1 f4 18. Bd2 Nd4 19. Qd1 f3 20. Be3 fxg2+ 21. Kxg2 c6
22. Nc3 Qh4 23. Ne4 Bg4 24. f3 Nxf3 25. Rxf3 Rxf3 26. Nxf3 Qh3+ 27. Kf2 Rf8 28.
Neg5 Qxh2+ 29. Ke1 Qg3+ 30. Bf2 Qg2 31. Qe2 Bxf3 32. Nxf3 Rxf3 33. Rc1 Bh6 34.
Rc3 Qh1+ 35. Qf1 Bd2+ 36. Ke2 Qxf1+ 37. Kxf1 Bxc3 38. bxc3 Rxd3 39. Bxb6 Rxc3
40. Bc7 Rxc4 41. Bxd6 e4 42. a3 Kg8 43. Ke2 Kf7 44. Ke3 Ke6 45. Bf8 Kd5 46. Bg7
Rc1 0-1

[Event "PRO League Group Stage"]
[Site "chess.com INT"]
[Date "2017.02.22"]
[Round "7"]
[White "Noritsyn, Nikolay"]
[Black "Pichot, Alan"]
[Result "1/2-1/2"]
[WhiteElo "2468"]
[BlackElo "2548"]
[PlyCount "66"]
[EventDate "2017.01.11"]
[EventType "team"]
[EventRounds "7"]
[EventCountry "USA"]
[Source "Mark Crowther"]
[SourceDate "2017.02.27"]
[WhiteTeam "Toronto Dragons"]
[BlackTeam "Buenos Aires Krakens"]

1. d4 Nf6 2. Nf3 e6 3. c4 d5 4. Bg5 dxc4 5. g3 c5 6. Nc3 Nc6 7. dxc5 Qa5 8.
Bxf6 gxf6 9. Bg2 Qxc5 10. O-O f5 11. Rc1 Bg7 12. b3 Qa5 13. Nd2 cxb3 14. Qxb3
Nd4 15. Qb1 O-O 16. e3 Nc6 17. Nc4 Qb4 18. Nb5 Qxb1 19. Rxb1 Bd7 20. Rfd1 Rfd8
21. Nbd6 Bc8 22. Rdc1 Bf8 23. Nxb7 Bxb7 24. Rxb7 Rac8 25. Rcb1 Nd4 26. Ne5 Ne2+
27. Kf1 Rd2 28. R7b2 Rxb2 29. Rxb2 Bg7 30. Nc6 Bxb2 31. Ne7+ Kf8 32. Nxc8 Nc3
33. Nxa7 Nxa2 1/2-1/2

[Event "Hart House Holidays op"]
[Site "Toronto CAN"]
[Date "2016.12.16"]
[Round "1"]
[White "Noritsyn, Nikolay"]
[Black "Bellissimo, Joseph"]
[Result "1/2-1/2"]
[WhiteElo "2614"]
[BlackElo "2252"]
[PlyCount "154"]
[EventDate "2016.12.16"]
[EventType "swiss"]
[EventRounds "5"]
[EventCountry "CAN"]

1. c4 e6 2. Nc3 d5 3. d4 Nf6 4. cxd5 exd5 5. Bg5 Be7 6. e3 c6 7. Bd3 Nbd7 8.
Nge2 Ne4 9. Bxe7 Nxc3 10. Bxd8 Nxd1 11. Kxd1 Kxd8 12. b4 Nf6 13. f3 Bd7 14. Nc3
Ne8 15. Kd2 f5 16. b5 Nd6 17. a4 Re8 18. h3 g6 19. Rab1 Re7 20. Rb4 Ke8 21. g4
Kf7 22. Rf1 Kg7 23. Rbb1 Rf8 24. Rbe1 h6 25. bxc6 Bxc6 26. a5 fxg4 27. hxg4
Ref7 28. Be2 g5 29. Rb1 Re7 30. Bd3 Ref7 31. Ke2 Re7 32. Rbe1 a6 33. Kd2 Ref7
34. Be2 Re7 35. Bd3 Ref7 36. Ke2 Re7 37. Rh1 Rf6 38. Rh3 Nb5 39. Kd2 Nxc3 40.
Kxc3 Ref7 41. Bf5 Rc7 42. Kd2 Rd6 43. Rc1 Re7 44. Rhh1 Bb5 45. Rc5 Bc6 46. Re1
Kf6 47. Rh1 Kg7 48. Rh2 Bb5 49. Rh3 Kf8 50. Rh1 Bd7 51. Rc7 Bxf5 52. Rxe7 Kxe7
53. gxf5 b6 54. Kd3 bxa5 55. e4 Rb6 56. e5 Kf7 57. f6 Kg6 58. Rc1 a4 59. Rc5
Rb5 60. Rc6 a5 61. Rc5 Rb3+ 62. Ke2 Rb2+ 63. Ke3 Rb3+ 64. Kf2 Rb4 65. Rxd5 h5
66. Ke3 h4 67. Rxa5 h3 68. Kf2 Rxd4 69. Kg3 Rf4 70. Ra7 Rf5 71. Rg7+ Kh6 72.
Rg8 Kh7 73. Rg7+ Kh6 74. Rg8 Kh7 75. Ra8 Kg6 76. Ra5 a3 77. Rxa3 Rxe5 1/2-1/2

[Event "Hart House Holidays op"]
[Site "Toronto CAN"]
[Date "2016.12.17"]
[Round "2"]
[White "Bluvshtein, Ilia"]
[Black "Noritsyn, Nikolay"]
[Result "0-1"]
[WhiteElo "2221"]
[BlackElo "2614"]
[PlyCount "48"]
[EventDate "2016.12.16"]
[EventType "swiss"]
[EventRounds "5"]
[EventCountry "CAN"]

1. e4 c5 2. Nf3 d6 3. d4 cxd4 4. Nxd4 Nf6 5. Nc3 a6 6. Bg5 e6 7. f4 Nc6 8. Qd2
h6 9. Bh4 Nxe4 10. Nxe4 Qxh4+ 11. g3 Qd8 12. O-O-O d5 13. Nc3 Bb4 14. Nxc6 bxc6
15. Qd4 Be7 16. f5 O-O 17. Bh3 e5 18. Qxe5 Bf6 19. Qe1 Rb8 20. Na4 Re8 21. Qf2
Re4 22. Qa7 Rb7 23. Qxa6 Bg5+ 24. Rd2 Rbb4 0-1

[Event "Hart House Holidays op"]
[Site "Toronto CAN"]
[Date "2016.12.17"]
[Round "3"]
[White "Noritsyn, Nikolay"]
[Black "Hua, Eugene"]
[Result "1-0"]
[WhiteElo "2614"]
[BlackElo "2274"]
[PlyCount "69"]
[EventDate "2016.12.16"]
[EventType "swiss"]
[EventRounds "5"]
[EventCountry "CAN"]

1. d4 d5 2. c4 e6 3. Nc3 Nf6 4. Nf3 Be7 5. Bg5 h6 6. Bh4 O-O 7. Bxf6 Bxf6 8. e3
c6 9. Qd2 Nd7 10. O-O-O Qc7 11. h4 dxc4 12. g4 g6 13. g5 hxg5 14. Nxg5 c5 15.
Nge4 Bg7 16. h5 gxh5 17. d5 Ne5 18. f4 Ng4 19. Rxh5 f5 20. Bxc4 fxe4 21. dxe6
Qe7 22. Nd5 Qxe6 23. Ne7+ Kf7 24. Bxe6+ Bxe6 25. Nf5 Rad8 26. Qe2 Rxd1+ 27.
Kxd1 Nf6 28. Rg5 Bxf5 29. Rxf5 Rd8+ 30. Kc2 b6 31. Qc4+ Ke7 32. Re5+ Kf8 33.
Qe6 Re8 34. Qd6+ Kf7 35. Qc7+ 1-0

[Event "Hart House Holidays op"]
[Site "Toronto CAN"]
[Date "2016.12.18"]
[Round "4"]
[White "Noritsyn, Nikolay"]
[Black "Song, Michael"]
[Result "0-1"]
[WhiteElo "2614"]
[BlackElo "2492"]
[PlyCount "142"]
[EventDate "2016.12.16"]
[EventType "swiss"]
[EventRounds "5"]
[EventCountry "CAN"]

1. e4 c5 2. Nf3 e6 3. d4 cxd4 4. Nxd4 Nc6 5. Nc3 Qc7 6. Be3 a6 7. Qf3 Ne5 8.
Qg3 h5 9. f3 b5 10. O-O-O Nf6 11. Kb1 h4 12. Qe1 Bb7 13. Bg5 b4 14. Na4 h3 15.
gxh3 Rc8 16. Qe2 Ng6 17. Be3 d5 18. Rg1 dxe4 19. fxe4 Ne5 20. Bf4 Nh5 21. Bg5
Nf6 22. Bf4 Nh5 23. Bg5 Nf6 24. h4 Qa5 25. b3 Nc4 26. bxc4 Qxa4 27. Bg2 Nd7 28.
e5 Bxg2 29. Rxg2 Qa5 30. Nb3 Qxe5 31. Qd3 Qc7 32. Rgd2 Nf6 33. Bxf6 gxf6 34. c5
Bxc5 35. Qxa6 Be7 36. Nd4 Rxh4 37. Nxe6 fxe6 38. Qxe6 Qc4 39. Rd5 Qxc2+ 40. Ka1
Kf8 41. Rg1 Qc3+ 42. Kb1 Qc2+ 43. Ka1 Rh8 44. Qg4 Ke8 45. Rd2 Qxd2 46. Qxc8+
Qd8 47. Qg4 Qd7 48. Qg6+ Kd8 49. Kb1 Rh3 50. Qg8+ Kc7 51. Rc1+ Kb6 52. Qb8+ Qb7
53. Qf4 Rc3 54. Rxc3 bxc3 55. Kc2 Qg2+ 56. Kxc3 Qxa2 57. Qb8+ Kc6 58. Qc8+ Kd6
59. Qb8+ Kd7 60. Qb7+ Ke8 61. h4 Qa3+ 62. Kc2 Qa4+ 63. Kc3 Qxh4 64. Qc6+ Kf7
65. Qd5+ Kg7 66. Qe6 Qb4+ 67. Kc2 Qc5+ 68. Kb3 f5 69. Ka2 f4 70. Kb1 Qg5 71.
Qe4 Qg6 0-1